| Tag |
First Indicator |
Second Indicator |
Subfields |
| LEADER |
00000ccm a2200000 a 4500 |
| 001 |
in00005778973 |
| 005 |
20260428144418.9 |
| 008 |
080915t20071984xnazza n zxx d |
| 040 |
|
|
|a JHP
|b eng
|c JHP
|d OCLCQ
|d OCLCF
|d OCLCO
|d OCL
|d IDU
|d OCLCQ
|d OCLCO
|d PUL
|d OCL
|d OCLCQ
|d OCLCO
|d OCLCL
|d OCLCO
|d OCLCL
|
| 035 |
|
|
|a (OCoLC)250588225
|
| 050 |
|
4 |
|a M485.W47
|b O6 2007
|
| 082 |
0 |
4 |
|a 785.68/194
|q OCoLC
|2 20/eng/20230216
|1 https://id.oclc.org/worldcat/ddc/E3XVTV4hfKhK37gC74gxx4mbqk
|
| 100 |
1 |
|
|a Westlake, Nigel.
|
| 240 |
1 |
0 |
|a Omphalo centric lecture;
|o arranged
|
| 245 |
1 |
0 |
|a Omphalo centric lecture :
|b a percussion quartet for 2 marimbas, log drum, shaker & splash cymbal /
|c N. Westlake.
|
| 250 |
|
|
|a Rev. 2007 "Synergy" version for 2 marimbas (4 players) /
|b ed. by Michael Askill.
|
| 260 |
|
|
|a Turramurra, N.S.W. :
|b Rimshot Music,
|c 2007, ©1984.
|
| 300 |
|
|
|a 1 score (30 pages) + 4 parts ;
|c 30 cm
|
| 306 |
|
|
|a 000900
|
| 336 |
|
|
|a notated music
|b ntm
|2 rdacontent
|
| 337 |
|
|
|a unmediated
|b n
|2 rdamedia
|
| 338 |
|
|
|a volume
|b nc
|2 rdacarrier
|
| 348 |
|
|
|a score
|2 rdafnm
|
| 348 |
|
|
|a part
|2 rdafnm
|
| 500 |
|
|
|a Orig. for 4 marimbas, log drums, splash cymbal and shaker; rev. 2007 "Synergy" version for 2 marimbas (4 players), ed. by Michael Askill.
|
| 500 |
|
|
|a Duration: approximately 9:00.
|
| 650 |
|
0 |
|a Marimba music (Marimbas (2), 4 hands)
|
| 650 |
|
0 |
|a Percussion ensembles
|v Scores and parts.
|
| 650 |
|
6 |
|a Ensembles à percussion
|v Partitions et parties.
|
| 650 |
|
7 |
|a Percussion ensembles
|x Scores and parts
|2 fast
|
| 655 |
|
7 |
|a Scores
|2 fast
|
| 655 |
|
7 |
|a Parts (Music)
|2 fast
|
| 655 |
|
7 |
|a Parts (Music)
|2 lcgft
|
| 655 |
|
7 |
|a Scores.
|2 lcgft
|
| 700 |
1 |
|
|a Askill, Michael.
|
| 710 |
2 |
|
|a Synergy (Musical group)
|1 https://id.oclc.org/worldcat/entity/E39QQPVp7PDdDpBKPcbgm3MQ3F
|
| 029 |
1 |
|
|a AU@
|b 000045352134
|
| 029 |
1 |
|
|a AU@
|b 000052568141
|
| 029 |
1 |
|
|a AU@
|b 000060447574
|
| 994 |
|
|
|a Z0
|b TXA
|
| 948 |
|
|
|h NO HOLDINGS IN TXA - 14 OTHER HOLDINGS
|
| 999 |
f |
f |
|i 3aee3e96-8f10-4a20-acf6-863740301369
|s a19f9c83-a899-4ade-ba21-c95d47f3f9d8
|t 0
|
| 952 |
f |
f |
|p normal
|a Texas A&M University
|b College Station
|c Sterling C. Evans Library
|s Evans stk
|d Evans: Library Stacks
|t 0
|e M485.W47 O6 2007
|h Library of Congress classification
|i unmediated -- volume
|k pt.4
|m A14852427120
|
| 952 |
f |
f |
|p normal
|a Texas A&M University
|b College Station
|c Sterling C. Evans Library
|s Evans stk
|d Evans: Library Stacks
|t 0
|e M485.W47 O6 2007
|h Library of Congress classification
|i unmediated -- volume
|k pt.2
|m A14852427104
|
| 952 |
f |
f |
|p normal
|a Texas A&M University
|b College Station
|c Sterling C. Evans Library
|s Evans stk
|d Evans: Library Stacks
|t 0
|e M485.W47 O6 2007
|h Library of Congress classification
|i unmediated -- volume
|k pt.1
|m A14852427096
|
| 952 |
f |
f |
|p normal
|a Texas A&M University
|b College Station
|c Sterling C. Evans Library
|s Evans stk
|d Evans: Library Stacks
|t 0
|e M485.W47 O6 2007
|h Library of Congress classification
|i unmediated -- volume
|k score
|m A14852427088
|
| 952 |
f |
f |
|p normal
|a Texas A&M University
|b College Station
|c Sterling C. Evans Library
|s Evans stk
|d Evans: Library Stacks
|t 0
|e M485.W47 O6 2007
|h Library of Congress classification
|i unmediated -- volume
|k pt.3
|m A14852427112
|
| 998 |
f |
f |
|a M485.W47 O6 2007
|s pt.1-4
|t 0
|l Evans: Library Stacks
|